01551nam a2200361Ia 4500001001200000003000800012006001900020007001500039008004100054010001700095020004300112040002100155035002100176050002500197245014100222260006800363300001600431490006700447504005100514533015200565650003700717650003500754650003900789650003700828650002700865650002600892655002900918700002000947710001700967830006400984856012601048999001501174ebr10273833CaPaEBRm u cr cn|||||||||080708s2008 enk sb 001 0 eng d z 2008029511 z9780754674078 (hardcover : alk. paper) aCaPaEBRcCaPaEBR a(OCoLC)64679370514aHN781.Z9bS62 2008eb00aClash or cooperation of civilizations?h[electronic resource] :boverlapping integration and identities /c[edited by] by Wolfgang Zank. aAldershot, Hants, England ;aBurlington, VT :bAshgate,cc2008. axii, 225 p.1 aThe international political economy of new regionalisms series aIncludes bibliographical references and index. aElectronic reproduction.bPalo Alto, Calif. :cebrary,d2011.nAvailable via World Wide Web.nAccess may be limited to ebrary affiliated libraries. 0aCulture conflictzAfrica, North. 0aCulture conflictzMiddle East. 0aSocial integrationzAfrica, North. 0aSocial integrationzMiddle East. 0aCivilization, Western. 0aIslamic civilization. 7aElectronic books.2local1 aZank, Wolfgang.2 aebrary, Inc. 0aInternational political economy of new regionalisms series.40uhttp://site.ebrary.com/lib/rucke/Doc?id=10273833zAn electronic book accessible through the World Wide Web; click to view c6417d6417